| 000 | 00801cab a2200289 4500 | ||
|---|---|---|---|
| 001 | ABS51712 | ||
| 008 | 090401t1994 xxu||||| |||| 00| 0 eng d | ||
| 035 | _a(Sirsi) u41206 | ||
| 041 | _aeng | ||
| 245 | _aCentrefolio: City, Fringe, Midtown and Docklands | ||
| 260 | _c1994 | ||
| 350 | _a0 | ||
| 490 |
_aProperty Week _v49(5) 3 November 1994, 33-55(10) |
||
| 650 | _aCANARY WHARF | ||
| 650 | _aCITY FRINGE | ||
| 650 | _aCITY OF LONDON | ||
| 650 | _aLDDC | ||
| 650 | _aLONDON DOCKLANDS | ||
| 650 | _aLONDON | ||
| 650 | _aMIDTOWN | ||
| 650 | _aOFFICE DEVELOPMENT | ||
| 650 | _aPROPERTY-COMMERCIAL PROPERTY-OFFICE PROPERTY-OFFICE PROPERTY MARKET | ||
| 650 | _aROYAL DOCKS | ||
| 690 | _aPROPERTY-COMMERCIAL PROPERTY-COMMERCIAL PROPERTY MARKET | ||
| 942 | _n0 | ||
| 948 | _c04/03/1997 | ||
| 999 |
_c26472 _d26472 |
||